| 000 | 01053nam a22002657a 4500 | ||
|---|---|---|---|
| 999 |
_c63704 _d63704 |
||
| 005 | 20240530110654.0 | ||
| 008 | 171218s2016 ua g b 000 0 ara d | ||
| 017 |
_a2015/22070 _bمصر. دار الكتب |
||
| 020 | _a9777800242 | ||
| 040 |
_aEG-CaGPL _cEG-CaGPL |
||
| 082 | 0 | 4 |
_221 _a819 / _bأ خ |
| 100 | 0 | _aاحمد يحيى على | |
| 245 | 1 | 0 |
_aخطاب النثر العربى : _bبلاغة التشكيل والتاويل / _cتاليف احمد يحيى على ، احمد عبدالعظيم رومية |
| 250 | _aط.1 | ||
| 260 |
_aالقاهرة : _bعالم الكتب ، _c2016. |
||
| 300 |
_a297 ص. ؛ _c24 سم. |
||
| 490 | 0 | _aكنوز الضاد : سلسلة كتاب رياض العربية | |
| 504 | _aيشتمل على ارجاعات ببليوجرافية | ||
| 650 | 0 | 7 |
_2qrmak _aالادب العربى |
| 650 | 0 | 7 |
_2qrmak _aالنثر العربى |
| 651 | _2qrmak | ||
| 700 | 0 |
_aاحمد عبدالعظيم رومية _eمؤلف مشارك |
|
| 942 |
_2ddc _cBK |
||